[Event "43rd Capablanca Memorial Open"]
[Site "Havana CUB"]
[Date "2008.05.09"]
[Round "2"]
[White "Alvarez,Jose1"]
[Black "Otero,D"]
[Result "1/2-1/2"]
[WhiteElo "2394"]
[BlackElo "2442"]

1.Nf3 d5 2.g3 Bg4 3.Bg2 c6 4.b3 Nd7 5.Bb2 Ngf6 6.d3 e6 7.O-O Bd6 8.c4 h5
9.cxd5 cxd5 10.Nc3 h4 11.Nb5 Bb8 12.Ba3 Ne5 13.Rc1 Nc6 14.Nbd4 Nxd4 15.Nxd4 e5
16.Nf3 hxg3 17.hxg3  1/2-1/2

[Event "FSGM May"]
[Site "Budapest HUN"]
[Date "2008.05.10"]
[Round "8"]
[White "Pesotsky,V"]
[Black "Boros,De"]
[Result "1/2-1/2"]
[WhiteElo "2371"]
[BlackElo "2457"]

1.Nf3 d5 2.g3 g6 3.Bg2 Bg7 4.O-O e5 5.d3 Ne7 6.e4 O-O 7.b4 Nbc6 8.c3 a6 9.a4 d4
10.Ba3 dxc3 11.Nxc3 a5 12.bxa5 Re8 13.Nb5 Nxa5 14.Qc2 Nec6 15.h3 Be6 16.Rab1 h6
17.Rfd1 Qd7 18.Kh2 Rac8 19.Bc5 b6 20.Be3 Red8 21.d4 exd4 22.Nfxd4 Nxd4 23.Nxd4 Nc4
24.Nxe6 Qxe6 25.Bc1 h5 26.Bg5 Re8 27.Qb3 Nd6 28.Qxe6 Rxe6 29.Re1 Rce8 30.Bf4 Bd4
31.e5 Nc4 32.Bd5 Nxe5 33.Red1 Bxf2 34.Bxe6 Rxe6 35.Rd5 Bd4 36.Kg2 c5 37.Bxe5 Bxe5
38.Rxe5 Rxe5 39.Rxb6 Re2+ 40.Kf3 Ra2 41.Ra6 Ra3+ 42.Kg2 c4 43.a5 g5 44.Rc6 Ra2+
45.Kf3 Ra3+ 46.Kg2 c3 47.a6 Kg7 48.a7 Rxa7 49.Rxc3 Ra2+ 50.Kf3 Rh2 51.Rc5 Kg6
52.h4 g4+ 53.Ke4 Re2+ 54.Kd4 Rd2+ 55.Ke4 f5+ 56.Ke3 Rd6 57.Ra5 Kf6 58.Kf4 Rd4+
59.Ke3 Rd1 60.Ke2 Rh1  1/2-1/2

[Event "Kaupthing Open"]
[Site "Differdange LUX"]
[Date "2008.05.10"]
[Round "1"]
[White "Haub,TM"]
[Black "Maleki,N"]
[Result "1-0"]
[WhiteElo "2467"]
[BlackElo "2155"]

1.Nf3 d5 2.g3 Nf6 3.d3 c6 4.Bg2 Bg4 5.O-O e6 6.Qe1 Be7 7.e4 O-O 8.h3 Bh5
9.Kh1 Re8 10.Nbd2 Bf8 11.e5 Nfd7 12.Nh2 c5 13.f4 Nc6 14.Ndf3 Nd4 15.Qf2 Rc8
16.g4 Bg6 17.Ne1 f5 18.exf6 Nxf6 19.c3 Nc6 20.Nhf3 Bd6 21.Nh4 Bf7 22.Nef3 Kh8
23.Ng5 Bg8 24.c4 Nd4 25.Be3 e5 26.cxd5 exf4 27.Bxd4 cxd4 28.Be4 Nxg4 29.Nf7+ Bxf7
30.hxg4 g6 31.Nf3 Be5 32.Nxe5 Rxe5 33.Qxf4 Qh4+ 34.Kg1 Re7 35.Rf2 Kg7 36.Rh2  1-0

[Event "11th IHEM"]
[Site "Hamburg GER"]
[Date "2008.05.10"]
[Round "1"]
[White "Beikert,G"]
[Black "Maahs,E"]
[Result "1-0"]
[WhiteElo "2449"]
[BlackElo "2163"]

1.Nf3 d5 2.g3 c5 3.Bg2 Nc6 4.d4 e6 5.O-O Nf6 6.c4 dxc4 7.Qa4 Bd7 8.dxc5 Bxc5
9.Qxc4 Qb6 10.Nc3 Qb4 11.Qd3 Rd8 12.a3 Qg4 13.b4 Bc8 14.Qb5 Bd6 15.h3 Qh5
16.Qxh5 Nxh5 17.Be3 Bb8 18.Nd2 O-O 19.Rfd1 Nd4 20.Bxd4 Rxd4 21.Nb3 Rc4 22.Nb5 b6
23.Nd2 Rc2 24.Be4 Rb2 25.Nc4 Rxe2 26.Bf3 Rxf2 27.Kxf2 Nxg3 28.Nxa7 Bxa7 29.Kxg3 f5
30.Kg2 g5 31.Rac1 g4 32.hxg4 fxg4 33.Bxg4 Bb7+ 34.Kh3 Bd5 35.Ne3  1-0

[Event "ENCI Limburg Open"]
[Site "Maastricht NED"]
[Date "2008.05.10"]
[Round "3"]
[White "Van Mechelen,J"]
[Black "Sadallah,O"]
[Result "1-0"]
[WhiteElo "2304"]
[BlackElo "2149"]

1.Nf3 d5 2.g3 Nf6 3.Bg2 Bf5 4.O-O e6 5.d3 h6 6.c4 c6 7.Be3 Nbd7 8.Qb3 Qc7
9.Nc3 Bc5 10.Bxc5 Nxc5 11.Qa3 Qe7 12.cxd5 exd5 13.Rfe1 Ne6 14.Qxe7+ Kxe7
15.e4 dxe4 16.dxe4 Bh7 17.Nd2 Rhd8 18.Nc4 Nc5 19.e5 Ne8 20.Na5 Rab8 21.Rad1 Nd3
22.Re2 Kd7 23.b4 a6 24.a4 Kc7 25.b5 axb5 26.axb5 Ra8 27.Nxb7 Kxb7 28.Bxc6+ Kb8
29.Bxa8 Kxa8 30.e6 fxe6 31.Rxe6 Kb7 32.Re7+ Kb6 33.Na4+ Kxb5 34.Nb2 Kb4 35.Nxd3+ Bxd3
36.Rxe8 Rxe8 37.Rxd3 Re7 38.Kg2 Kc5 39.h4 g6 40.g4 g5 41.Kg3 Rf7 42.hxg5 hxg5
43.Rd8 Re7 44.Rg8 Re5 45.Rf8 Kd6 46.Rf5 Ke6 47.Rxe5+ Kxe5 48.Kf3 Kd5 49.Ke2 Ke4
50.f3+ Kd4 51.Kd2 Kd5 52.Kd3 Ke5 53.Ke3 Kd5 54.f4 Ke6 55.fxg5 Ke5 56.Kf3 Ke6
57.Ke4 Kf7 58.Kf5 Kg7 59.g6 Kh6 60.g7 Kh7 61.g8=Q+ Kxg8 62.Kg6 Kh8 63.Kh6 Kg8
64.g5 Kh8 65.g6 Kg8 66.g7 Kf7 67.Kh7  1-0

[Event "43rd Capablanca Memorial Open"]
[Site "Havana CUB"]
[Date "2008.05.11"]
[Round "4"]
[White "Alvarez,Jose1"]
[Black "Corrales Jimenez,F"]
[Result "0-1"]
[WhiteElo "2394"]
[BlackElo "2502"]

1.Nf3 d5 2.g3 Nf6 3.Bg2 c6 4.b3 Bf5 5.Bb2 e6 6.d3 h6 7.O-O Be7 8.c4 O-O 9.Nbd2 a5
10.a3 Bh7 11.Qc2 Nbd7 12.Bc3 Qb8 13.Qb2 Re8 14.b4 axb4 15.axb4 Rxa1 16.Rxa1 Bf8
17.Ne5 Bxb4 18.Qxb4 Nxe5 19.Rb1 dxc4 20.Qxb7 Qd6 21.d4 Bxb1 22.dxe5 Qa3 23.Bxc6 Qxc3
24.Nxb1 Qe1+ 25.Kg2 Ng4 26.Bxe8 Qxf2+ 27.Kh3 Qf1+  0-1

[Event "ENCI Limburg Open"]
[Site "Maastricht NED"]
[Date "2008.05.11"]
[Round "4"]
[White "Moser,E"]
[Black "Daces,P"]
[Result "1-0"]
[WhiteElo "2395"]
[BlackElo "2032"]

1.g3 d5 2.Nf3 Nf6 3.Bg2 c6 4.O-O Bg4 5.d3 e6 6.Nbd2 Nbd7 7.e4 Bd6 8.Qe1 dxe4
9.dxe4 e5 10.Nc4 Bc7 11.Qb4 Bxf3 12.Bxf3 Nb6 13.Be3 Nxc4 14.Qxc4 Bb6 15.Rad1 Qe7
16.Bd2 O-O-O 17.Bb4 Qe6 18.Qxe6+ fxe6 19.c3 Rxd1 20.Rxd1 Rd8 21.Rd6 Rxd6
22.Bxd6 Bc7 23.Bf8 g6 24.Kf1 Kd7 25.Ke2 Bd6 26.Bh6 Bc5 27.Bg5 Ke7 28.Bg2 Kf7
29.h3 Bb6 30.Bd2 Ke7 31.Be1 Nd7 32.Kd3 Nf6 33.Bf3 Kd6 34.Bd1 Nd7 35.Bc2 Nc5+
36.Ke2 Nd7 37.Bd2 Ke7 38.f4 Kf6 39.Kf3 Bg1 40.b4 Bb6 41.Bc1 Bg1 42.a4 a6
43.a5 Ba7 44.Bd3 Bg1 45.Bd2 Ba7 46.Kg2 Nf8 47.Kf3 Nd7 48.Bc1 Bg1 49.Bb2 Ba7
50.c4 Bb8 51.g4 Bd6 52.c5 Bc7 53.g5+ Kf7 54.f5 Bd8 55.Kg4 Bc7 56.fxe6+ Kxe6
57.Bc4+ Ke7 58.Bg8 Nf8 59.h4 Bb8 60.h5 Bc7 61.Kh4 Bb8 62.Bc1 Bc7 63.Bd2 Bb8
64.Bxh7 Nxh7 65.hxg6 Nf6 66.gxf6+ Kxf6 67.Kh5 Kg7 68.Kg5 Bc7  1-0

[Event "ENCI Limburg Open"]
[Site "Maastricht NED"]
[Date "2008.05.11"]
[Round "5"]
[White "Thora,J"]
[Black "Ten Hertog,H"]
[Result "0-1"]
[WhiteElo "1894"]
[BlackElo "2075"]

1.Nf3 d5 2.g3 Nf6 3.Bg2 c6 4.O-O Bg4 5.h3 Bh5 6.d3 Nbd7 7.Nbd2 e5 8.e4 Bd6
9.Qe2 O-O 10.g4 Bg6 11.Re1 Re8 12.Nh2 dxe4 13.dxe4 Nf8 14.Nc4 Bc5 15.c3 Qc7
16.Nf1 Ne6 17.Ng3 Nd7 18.b4 Bf8 19.Nf5 b5 20.Nce3 f6 21.a4 a6 22.a5 Bf7 23.Rd1 g6
24.Ng3 Be7 25.Ba3 Ndf8 26.Qc2 Rac8 27.Ne2 Qb7 28.Qb2 Nd7 29.Rd2 Nf4 30.Rad1 Nxe2+
31.Rxe2 Nf8 32.Red2 Rc7 33.Qb1 Ne6 34.Bc1 Nf4 35.Bf1 Qc8 36.Kh2 Kg7 37.Ng2 Ne6
38.Ne3 Rh8 39.Kg3 h5 40.f3 Nf4 41.Qb2 Be6 42.Rh2 c5 43.Nd5 Bxd5 44.exd5 Bd6
45.Bxf4 exf4+ 46.Kg2 cxb4 47.Qe2 Rxc3 48.Rd2 Re3 49.Qd1 hxg4 50.fxg4 f3+
51.Kf2 Qc5 52.Rd4 Re4  0-1

[Event "26th Open"]
[Site "Elba ITA"]
[Date "2008.05.12"]
[Round "3"]
[White "Guerrini,D"]
[Black "Kopischke,M"]
[Result "1/2-1/2"]
[WhiteElo "2026"]
[BlackElo "1949"]

1.Nf3 d5 2.g3 Nf6 3.Bg2 Bg4 4.O-O e6 5.a3 Nbd7 6.d3 Be7 7.Nbd2 c6 8.c4 O-O
9.b4 Bxf3 10.Nxf3 a5 11.b5 cxb5 12.cxb5 Qb6 13.a4 Rac8 14.Bd2 Qa7 15.Qe1 b6
16.e4 dxe4 17.dxe4 Nc5 18.Nd4 Nd3 19.Qe2 Ne5 20.Bh3 Rfd8 21.Be3 Qb7 22.f3 Bc5
23.Nxe6 Bxe3+ 24.Qxe3 fxe6 25.Bxe6+ Kh8 26.Bxc8 Rxc8 27.Rad1 h6 28.g4 Rc2
29.Rd6 Qc7 30.Qxb6 Qc3 31.Rxf6 gxf6 32.Qxf6+ Kh7 33.Qe7+ Kh8 34.Qf8+  1/2-1/2

[Event "ENCI Limburg Open"]
[Site "Maastricht NED"]
[Date "2008.05.12"]
[Round "7"]
[White "Thora,J"]
[Black "Hazenberg,F"]
[Result "1/2-1/2"]
[WhiteElo "1894"]
[BlackElo "1986"]

1.Nf3 d5 2.g3 Nf6 3.Bg2 Bf5 4.O-O e6 5.d3 Be7 6.Nbd2 O-O 7.Re1 Bg6 8.b3 Nbd7
9.Bb2 c6 10.e4 dxe4 11.dxe4 Qc7 12.e5 Nd5 13.a3 Rad8 14.c4 N5b6 15.b4 a6
16.Qb3 c5 17.Rac1 Nb8 18.Ne4 Bxe4 19.Rxe4 Qc6 20.Re3 Qa4 21.b5 axb5 22.Qxb5 Qxb5
23.cxb5 Nd5 24.Re4 Nd7 25.Nd2 N7b6  1/2-1/2

[Event "Mayors Cup Open"]
[Site "Mumbai IND"]
[Date "2008.05.12"]
[Round "2"]
[White "Vakil,A"]
[Black "Murali Krishnan,B"]
[Result "0-1"]
[WhiteElo "2075"]
[BlackElo "2361"]

1.Nf3 d5 2.g3 c6 3.Bg2 Bg4 4.Ne5 Bf5 5.d4 Nd7 6.Nd3 e6 7.O-O Ngf6 8.Nd2 Be7
9.c4 O-O 10.b3 a5 11.Bb2 a4 12.Re1 Qa5 13.e4 Bg6 14.Nf4 Bb4 15.Nxg6 hxg6
16.Re2 a3 17.Bc1 Bc3 18.Rb1 Bxd4 19.b4 Qa4 20.Qxa4 Rxa4 21.exd5 exd5 22.Rb3 Ne5
23.cxd5 Nxd5 24.Nf3 Nxf3+ 25.Bxf3 Nc3 26.Rd2 Bf6 27.Bxa3 Nb5 28.Bc1 Nd4 29.Rbd3 Nxf3+
30.Rxf3 Rxb4 31.Ba3 Rb1+ 32.Kg2 Ra8 33.Bc5 Rb5 34.Be3 Rd5 35.Rxd5 cxd5 36.Bb6 Rxa2
37.Rd3 Rb2 38.Bd4 Bxd4 39.Rxd4 Rb5 40.Kf3 Kf8 41.Ke3 Ke7 42.Rh4 Rb3+ 43.Ke2 g5
44.Rh7 Kf6 45.h3 b5 46.h4 gxh4 47.gxh4 b4 48.h5 Rc3 49.h6 gxh6 50.Rxh6+ Ke5
51.Rb6 b3 52.Kd2 Rc2+ 53.Ke3 d4+ 54.Kd3 Rc3+ 55.Kd2 Ke4 56.Rb7 f5 57.Re7+ Kf3
58.Rd7 Rc2+ 59.Kd3 Rxf2 60.Rxd4 b2 61.Rb4 f4 62.Rb8 Rh2 63.Rb7 Kg4 64.Rg7+ Kf5
65.Rf7+ Ke6 66.Rb7 f3 67.Ke3 f2 68.Rxb2 f1=N+  0-1

[Event "FSIM May"]
[Site "Budapest HUN"]
[Date "2008.05.13"]
[Round "11"]
[White "Horvath,And"]
[Black "Farago,S"]
[Result "1-0"]
[WhiteElo "2272"]
[BlackElo "2240"]

1.Nf3 d5 2.g3 Nf6 3.Bg2 c5 4.O-O Nc6 5.d4 e6 6.c4 dxc4 7.Qa4 Nd7 8.dxc5 Nxc5
9.Qxc4 Be7 10.Nc3 a6 11.Rd1 Bd7 12.b4 b5 13.Qg4 e5 14.Qxg7 Bf6 15.Qh6 Ne6
16.Ne4 Bg7 17.Nd6+ Kf8 18.Qh5 Qf6 19.Ne4 Qe7 20.Bh6 Rd8 21.Nxe5 Ncd4 22.e3 Be8
23.exd4 f6 24.Bxg7+ Qxg7 25.Qf5 Nxd4 26.Qxf6+  1-0

[Event "FSGM May"]
[Site "Budapest HUN"]
[Date "2008.05.13"]
[Round "11"]
[White "Boros,De"]
[Black "Varga,Zo"]
[Result "1/2-1/2"]
[WhiteElo "2457"]
[BlackElo "2496"]

1.Nf3 d5 2.g3 c6 3.c4 Nf6 4.Bg2 e6 5.O-O Nbd7 6.Qc2 Bd6 7.d4 O-O 8.Nbd2 Qe7
9.Re1 b6 10.e4 Nxe4 11.Nxe4 dxe4 12.Qxe4 Bb7 13.Bg5 Nf6 14.Qc2 h6 15.Bd2 Rfd8
16.Rac1 Qf8 17.a3 c5 18.Bc3 cxd4 19.Bxd4  1/2-1/2

[Event "Kaupthing Open"]
[Site "Differdange LUX"]
[Date "2008.05.13"]
[Round "5"]
[White "Haub,TM"]
[Black "Grover,S"]
[Result "0-1"]
[WhiteElo "2467"]
[BlackElo "2300"]

1.Nf3 d5 2.g3 Nf6 3.Bg2 c6 4.O-O Bg4 5.c4 Nbd7 6.Qb3 Qb6 7.Qc2 e5 8.d3 Bd6
9.Nc3 O-O 10.Rb1 a5 11.h3 Bxf3 12.exf3 h6 13.a3 Qc7 14.b4 b5 15.c5 Be7 16.f4 exf4
17.Bxf4 Qc8 18.Ne2 Re8 19.Nd4 Nf8 20.Rfe1 N6h7 21.a4 Bf6 22.Nb3 Rxe1+ 23.Rxe1 bxa4
24.Nxa5 Ne6 25.Be5 Bxe5 26.Rxe5 a3 27.Qa4 Nxc5 28.bxc5 Qc7 29.Qxa3 Qxe5 30.Qa4 Qe1+
31.Kh2 Qxa5 32.Qxc6 Nf6 33.Bxd5 Nxd5 34.Qxd5 Rd8 35.Qc4 Qd2 36.c6 Qxf2+ 37.Kh1 Re8  0-1

[Event "43rd Capablanca Memorial Open"]
[Site "Havana CUB"]
[Date "2008.05.13"]
[Round "6"]
[White "Alvarez,Jose1"]
[Black "Ordaz Valdes,L"]
[Result "1/2-1/2"]
[WhiteElo "2394"]
[BlackElo "2300"]

1.Nf3 d5 2.g3 Nf6 3.Bg2 c6 4.O-O Bf5 5.d3 h6 6.Nbd2 e6 7.b3 Be7 8.Bb2 a5
9.a3 O-O 10.c4 Na6 11.Qc2 Bh7 12.Rfe1 Rc8 13.Rac1 Nc5 14.Qb1 Nfd7 15.b4 Na4
16.Ba1 dxc4 17.Nxc4 axb4 18.axb4 Bf6 19.Na5 Rc7 20.Bxf6 Nxf6 21.Qb3 Nb6 22.Rc5 Qe7
23.Rec1 Rfc8 24.Ne5 Nfd5 25.e4 Nf6 26.R5c3 Ne8  1/2-1/2

[Event "Mayors Cup Open"]
[Site "Mumbai IND"]
[Date "2008.05.13"]
[Round "4"]
[White "Roktim,B"]
[Black "Roop,S"]
[Result "1-0"]
[WhiteElo "2396"]
[BlackElo "2022"]

1.Nf3 d5 2.g3 Nf6 3.Bg2 g6 4.b3 Bg7 5.Bb2 O-O 6.c4 Nc6 7.O-O d4 8.d3 e5 9.Na3 Bf5
10.Nc2 Qd7 11.b4 Rfe8 12.b5 Nd8 13.Re1 c5 14.bxc6 Nxc6 15.Rb1 Rad8 16.Ba1 b6
17.Rb5 Bf8 18.Nd2 Bc5 19.Nb3 Bf8 20.e3 dxe3 21.Nxe3 Bxd3 22.Nd5 Qf5 23.g4 Qg5
24.Qxd3 Nxg4 25.Qg3  1-0

[Event "Kaupthing Open"]
[Site "Differdange LUX"]
[Date "2008.05.14"]
[Round "6"]
[White "Berend,E"]
[Black "Wagner,Stev"]
[Result "1-0"]
[WhiteElo "2303"]
[BlackElo "2134"]

1.Nf3 d5 2.g3 Nf6 3.Bg2 e6 4.O-O Be7 5.d3 b6 6.c4 Bb7 7.cxd5 exd5 8.Nc3 O-O
9.d4 Ne4 10.Qc2 Nd7 11.Bf4 Bd6 12.Bxd6 Nxd6 13.Ne5 Nf6 14.Rac1 c6 15.Qa4 b5
16.Qc2 Qb6 17.e3 Rfc8 18.Ne2 Nc4 19.Nd3 b4 20.Nc5 Ba6 21.Nf4 Bb5 22.Rfd1 a5
23.b3 Nd6 24.Nfd3 Bxd3 25.Qxd3 Nb5 26.Na4 Qb7 27.Rd2 Na3 28.Qf5 Nd7 29.e4 g6
30.Qf4 Nb6 31.Nxb6 Qxb6 32.exd5 cxd5 33.Rxc8+ Rxc8 34.Bxd5 Qc7 35.Qf3 Nb5
36.Rc2 Nc3 37.Bc4 Rd8 38.Rd2 Rd6 39.Qf4 Qe7 40.Bxf7+ Kg7 41.Bc4 Rf6 42.Qe5 Qf8
43.Be6 Kh6 44.d5 Qe7 45.f4 Qa7+ 46.Kg2 Rf8 47.g4 a4 48.Rd3  1-0

[Event "43rd Capablanca Memorial Open"]
[Site "Havana CUB"]
[Date "2008.05.14"]
[Round "7"]
[White "Aguero,L"]
[Black "Borges Mateos,J"]
[Result "1/2-1/2"]
[WhiteElo "2344"]
[BlackElo "2474"]

1.Nf3 d5 2.g3 c6 3.Bg2 Bg4 4.O-O Nd7 5.d3 e6 6.Nbd2 Bc5 7.e4 Ngf6 8.Qe1 O-O
9.Nb3 Bb6 10.h3 Bh5 11.e5 Ne8 12.g4 Bg6 13.Bg5 f6 14.Bh4 Nc7 15.a4 a5 16.Qd2 Qe8
17.Rae1 f5 18.Bg3 Qe7 19.c3 fxg4 20.hxg4 h6 21.Kh1 Bh7 22.Nh2 Qf7 23.Qe2 Nc5  1/2-1/2

[Event "Kaupthing Open"]
[Site "Differdange LUX"]
[Date "2008.05.15"]
[Round "7"]
[White "Thorhallsson,T"]
[Black "Delorme,Ax"]
[Result "1/2-1/2"]
[WhiteElo "2437"]
[BlackElo "2377"]

1.Nf3 d5 2.g3 Nf6 3.Bg2 c6 4.O-O Bg4 5.Ne5 Bf5 6.d4 Nbd7 7.c4 e6 8.f4 Be4
9.Bh3 dxc4 10.Nc3 Bd5 11.a3  1/2-1/2

[Event "43rd Capablanca Memorial Open"]
[Site "Havana CUB"]
[Date "2008.05.15"]
[Round "8"]
[White "Pina Vega,S"]
[Black "Santos,Marcu"]
[Result "0-1"]
[WhiteElo "2279"]
[BlackElo "2402"]

1.Nf3 d5 2.g3 c5 3.Bg2 Nc6 4.O-O e5 5.d3 f6 6.e4 d4 7.Nh4 Be6 8.f4 Qd7 9.Qh5+ Bf7
10.Qf5 Be6 11.Qh5+ Qf7 12.Qxf7+ Bxf7 13.b3 O-O-O 14.Bh3+ Kc7 15.fxe5 Nxe5
16.Bf4 Re8 17.Nf3 Bd6 18.Bxe5 Bxe5 19.Ng5 Nh6 20.Nxf7 Nxf7 21.Nd2 Ng5 22.Bg2 h5
23.Nf3 Nxf3+ 24.Bxf3 h4 25.Kg2 Rh6 26.gxh4 Rxh4 27.h3 g5 28.Bg4 Re7 29.Kf3 Kc6
30.Ke2 Kb5 31.a3 Rc7 32.Be6 Re7 33.Bg4 Bf4 34.Bf5 Be5 35.Bg4 a6 36.Rfb1 a5
37.Rf1 Rh8 38.Rfb1 Bf4 39.Bf5 Rf8 40.Rf1 Be5 41.Rfb1 Bc7 42.Kf3 Rh8 43.Ke2 Ra8
44.Bg4 b6 45.Rf1 Be5 46.a4+ Kb4 47.Ra2 Rh8 48.Bf5 Rh4 49.Bg4 Reh7 50.Raa1 Rxh3
51.Bxh3 Rxh3 52.Rf2 Kc3 53.Ra2 Bf4 54.Kf1 Rh1+ 55.Ke2 Rg1 56.Kf3 Be3 57.Rg2 Rxg2
58.Kxg2 Bc1 59.Kf3 Bb2 60.Kg4 Kxc2 61.Kf5 Kxb3 62.Rxb2+ Kxb2 63.Kxf6 g4 64.e5 g3
65.e6 g2 66.e7 g1=Q 67.e8=Q Qf1+  0-1

[Event "ch-Moscow"]
[Site "Moscow RUS"]
[Date "2008.05.15"]
[Round "4"]
[White "Savchenko,B"]
[Black "Deviatkin,A"]
[Result "1-0"]
[WhiteElo "2569"]
[BlackElo "2568"]

1.Nf3 d5 2.g3 c6 3.Bg2 Bg4 4.c4 e6 5.Nc3 Nd7 6.cxd5 exd5 7.d4 Ngf6 8.Bf4 Be7
9.O-O O-O 10.Qd2 Re8 11.Ne5 Bf5 12.Rad1 Bb4 13.f3 Nxe5 14.Bxe5 Nd7 15.Bf4 Nb6
16.g4 Nc4 17.Qc1 Bg6 18.e3 Qa5 19.Rf2 b5 20.h4 h5 21.gxh5 Bxh5 22.Ne2 Qxa2
23.Ng3 Bg6 24.h5 Bh7 25.h6 Qb3 26.e4 Re6 27.hxg7 Rg6 28.Kh2 Re8 29.Bh3 dxe4
30.fxe4 Rxg3 31.Bxg3 Rxe4 32.Qh6 Qe3 33.Qh5 Nd6 34.Rg2 Re8 35.Be5 Rd8 36.Rf1 Qd3
37.Rf4 Bd2 38.Rf3 Rb8  1-0

[Event "Mayors Cup Open"]
[Site "Mumbai IND"]
[Date "2008.05.15"]
[Round "7"]
[White "Sagar,S"]
[Black "Saptarshi,R"]
[Result "1/2-1/2"]
[WhiteElo "2256"]
[BlackElo "2387"]

1.Nf3 d5 2.g3 Nf6 3.Bg2 e6 4.O-O Be7 5.d3 b6 6.Nbd2 Bb7 7.c3 a5 8.Qc2 Na6
9.e4 dxe4 10.Nxe4 Nc5 11.Nxc5 Bxc5 12.d4 Be7 13.Qa4+ Qd7 14.Qxd7+ Nxd7 15.Ne5 Bxg2
16.Kxg2 Nxe5 17.dxe5 O-O-O 18.Be3 Rd5 19.f4 Rhd8 20.Kf3 a4 21.Rae1 a3 22.b3 Rd3
23.Rc1 Bc5 24.Rfe1 b5 25.Rc2 Kb7 26.Ke4 Bxe3 27.Rxe3 Rd1 28.Ree2 c5 29.Ke3 R8d3+
30.Kf2 Kc6 31.c4 bxc4 32.Rxc4 Rd4 33.Rcc2 Kd5 34.Re1 Rxe1 35.Kxe1 g5 36.fxg5 Re4+
37.Kd1 Rxe5 38.Rf2 Kd4 39.Kd2 Rxg5 40.Rf4+ Kd5 41.Rxf7 h5 42.Ra7 h4 43.Rxa3 hxg3
44.hxg3 Rxg3 45.Ra8 e5 46.Ra4 e4 47.Ke2 Ke5 48.Rc4 Kf4 49.Rxc5 Rg2+ 50.Kf1 Rxa2
51.Rc3 Rb2 52.Ke1 Ke5 53.Rh3 Kd4 54.Rg3  1/2-1/2

[Event "Mayors Cup Open"]
[Site "Mumbai IND"]
[Date "2008.05.16"]
[Round "8"]
[White "Sangeetha,M"]
[Black "Akash,P"]
[Result "0-1"]
[WhiteElo "2102"]
[BlackElo "1891"]

1.Nf3 d5 2.g3 c6 3.Bg2 Nf6 4.O-O h6 5.b3 Bf5 6.Bb2 e6 7.d3 Be7 8.Nbd2 O-O
9.Re1 Nbd7 10.e4 Bh7 11.e5 Ne8 12.h4 c5 13.Qe2 Nc7 14.Nf1 b5 15.N1h2 Rc8
16.h5 Nb6 17.Bc1 c4 18.d4 b4 19.Bf4 Nb5 20.Rec1 Qd7 21.Qe3 cxb3 22.cxb3 Rxc1+
23.Rxc1 Rc8 24.Bf1 Rxc1 25.Qxc1 Nc3 26.a3 Ne4 27.axb4 Bxb4 28.Ba6 Na8 29.Ne1 Qc7
30.Nhf3 Qxc1 31.Bxc1 Nc7 32.Bd3 Bf5 33.Bxe4 Bxe4 34.Kf1 Nb5 35.Be3 Bb1 36.Ke2 Bf5
37.Nh2 Nc3+ 38.Kf3 Be4+ 39.Kg4 Nd1 40.Nhf3 Nxe3+ 41.fxe3 Kf8 42.Kh3 Ke8 43.g4 Kd7
44.Kg3 Kc6 45.Kf2 Bxe1+ 46.Nxe1 Kb5 47.Nf3 Bxf3 48.Kxf3 Kb4 49.e4 Kc3 50.exd5 exd5
51.e6 fxe6 52.Kf4 Kxd4 53.g5 hxg5+ 54.Kxg5 e5 55.Kg6 e4 56.Kxg7 e3 57.h6 e2
58.h7 e1=Q 59.h8=Q Qe5+ 60.Kh7 Qxh8+  0-1

[Event "Mayors Cup Open"]
[Site "Mumbai IND"]
[Date "2008.05.16"]
[Round "8"]
[White "Vakil,A"]
[Black "Srinath,R"]
[Result "1/2-1/2"]
[WhiteElo "2075"]
[BlackElo "1865"]

1.Nf3 d5 2.g3 Nf6 3.Bg2 e6 4.d4 Nbd7 5.c4 b6 6.cxd5 exd5 7.O-O Bd6 8.Nc3 Bb7
9.Nb5 O-O 10.Nxd6 cxd6 11.Bf4 Qe7 12.Nh4 Qe6 13.Qd3 Rfe8 14.Rfe1 g6 15.Qa3 Ne4
16.Bxe4 Qxe4 17.Qxd6 Nf8 18.Nf3 Ba6 19.Be3 Rad8 20.Qf4 Qxf4 21.gxf4 Rc8 22.Ne5 Rc2
23.b3 Bxe2 24.a4 f6 25.Nc6 Rxc6 26.Rxe2 Ne6 27.Bd2 Kf7 28.Rae1 Rcc8 29.Bb4 a5
30.Ba3 Rc3 31.Re3 Rxe3 32.fxe3 Nxf4 33.Bd6 g5 34.Bc7 Re6 35.Kf1 Rc6 36.exf4 Rxc7
37.fxg5 Re7 38.Rxe7+ Kxe7 39.gxf6+ Kxf6 40.Kf2 Kf5 41.Kf3 Kg5 42.Kg3 Kf5
43.Kf3 Kg5 44.Kg3  1/2-1/2

[Event "Kaupthing Open"]
[Site "Differdange LUX"]
[Date "2008.05.17"]
[Round "9"]
[White "Nebolsina,V"]
[Black "Thorfinnsson,Bj"]
[Result "1-0"]
[WhiteElo "2345"]
[BlackElo "2417"]

1.Nf3 d5 2.g3 c6 3.Bg2 Nf6 4.O-O g6 5.c4 Bg7 6.cxd5 cxd5 7.d4 O-O 8.Ne5 e6
9.Nc3 Nfd7 10.f4 Nc6 11.Be3 Ndxe5 12.dxe5 d4 13.Bxc6 dxc3 14.Bg2 cxb2 15.Rb1 Qa5
16.Rxb2 Rd8 17.Rd2 Rxd2 18.Qxd2 Qxd2 19.Bxd2 Bd7 20.Bxb7 Rb8 21.Bf3 Bf8 22.Be3 Rb2
23.Rd1 Ba4 24.Rd8 Kg7 25.f5 exf5 26.Bg5 Bc5+ 27.Kg2 Rb6 28.Rc8  1-0

[Event "ch-Catalunya"]
[Site "Barcelona ESP"]
[Date "2008.05.18"]
[Round "1.2"]
[White "Beltran Rueda,S"]
[Black "Gual Pascual,A"]
[Result "1-0"]
[WhiteElo "2428"]
[BlackElo "2448"]

1.Nf3 d5 2.g3 Nc6 3.d4 Bf5 4.Bg2 Qd7 5.O-O Bh3 6.c4 Bxg2 7.Kxg2 e6 8.Nc3 Bb4
9.Qa4 Nge7 10.Bd2 O-O 11.Rfd1 Bxc3 12.Bxc3 f5 13.Bb4 f4 14.Rac1 Rf6 15.Bxe7 Qxe7
16.Qb5 Rd8 17.Qxb7 Qe8 18.b3 dxc4 19.Ne5 Nxd4 20.Rxc4 Nxe2 21.Rxd8 Qxd8 22.Rxc7 Qd5+
23.Qxd5 exd5 24.Rxa7 g5 25.Rd7 Nc3 26.gxf4 Rxf4 27.a4 Re4 28.Nc6 Rg4+ 29.Kf1 Kf8
30.a5 Rh4 31.a6  1-0

[Event "TCh-HUN 2007-8"]
[Site "Budapest HUN"]
[Date "2008.05.18"]
[Round "11"]
[White "Berczes,C"]
[Black "Roganovic,Milo"]
[Result "1-0"]
[WhiteElo "2419"]
[BlackElo "2369"]

1.Nf3 d5 2.g3 Nf6 3.Bg2 e6 4.O-O Be7 5.c4 O-O 6.b3 c5 7.cxd5 exd5 8.d4 Nc6
9.Bb2 Bg4 10.dxc5 Bxc5 11.Nc3 a6 12.h3 Bf5 13.Na4 Ba7 14.Nd4 Be4 15.Nxc6 bxc6
16.Bd4 Bxg2 17.Kxg2 Qe7 18.Bxa7 Rxa7 19.Rc1 Qe4+ 20.Kh2 Re7 21.e3 h5 22.Nc5 Qf5
23.Kg2 h4 24.g4 Qg6 25.Qc2 Ne4 26.Nxe4 dxe4 27.Qxc6 Re6 28.Qd5 Qf6 29.Rc2 Rd8
30.Qf5 Qe7 31.Rfc1 Rf6 32.Qa5 Kh8 33.Qh5+ Kg8 34.Qxh4 Qd7 35.Rc5 Qd2 36.R1c2 Qd1
37.Qg3 Rdd6 38.Rc1 Qe2 39.Rc8+ Kh7 40.R1c2 Qd1 41.g5 Rh6 42.Qg4 Rh5 43.Qxd1 Rxd1
44.R8c5 Kg6 45.R2c4 Ra1 46.Rxe4 Rxa2 47.h4 f6 48.Rc6 Kf5 49.Rf4+ Ke5 50.gxf6  1-0

[Event "TCh-HUN 2007-8"]
[Site "Budapest HUN"]
[Date "2008.05.18"]
[Round "11"]
[White "Gyorkos,L"]
[Black "Madl,I"]
[Result "1/2-1/2"]
[WhiteElo "2389"]
[BlackElo "2381"]

1.Nf3 d5 2.g3 c6 3.Bg2 Bg4 4.d3 Nf6 5.c4 e6 6.O-O Nbd7 7.Nc3 Be7 8.cxd5 exd5
9.Qc2 O-O 10.e4 dxe4 11.dxe4 Qa5 12.h3 Bxf3 13.Bxf3 Ne5 14.Bg2 Rad8 15.Bd2 Nc4
16.Be1 Qe5 17.Rc1 Qe6 18.Ne2 Ne5 19.Bc3 Nd3 20.Rcd1 Nb4 21.Bxb4 Bxb4 22.a3 Ba5  1/2-1/2

[Event "Mayors Cup Open"]
[Site "Mumbai IND"]
[Date "2008.05.18"]
[Round "10"]
[White "Ravindra,Sa"]
[Black "Deshpande,Ani"]
[Result "0-1"]
[WhiteElo "2013"]
[BlackElo "2174"]

1.Nf3 d5 2.g3 c5 3.Bg2 Nc6 4.d4 cxd4 5.Nxd4 Nf6 6.O-O e6 7.c4 Be7 8.Nc3 O-O
9.cxd5 exd5 10.b3 Bc5 11.Nc2 Be6 12.Bb2 Qd7 13.Qd2 Rfd8 14.Rad1 Rac8 15.Nb5 Be7
16.Nbd4 Bh3 17.Qf4 h6 18.Ne3 Bxg2 19.Kxg2 Bd6 20.Qf5 Ne5 21.Qxd7 Rxd7 22.Ndf5 Bb8
23.h3 Kh7 24.Rd2 Ne4 25.Rdd1 g6 26.Nd4 Nc6 27.Nf3 Rcd8 28.Nd4 Re8 29.Ndc2 Red8
30.Ng4 d4 31.f3 h5 32.fxe4 hxg4 33.hxg4 Be5 34.Ne1 Bg7 35.Nd3 Kg8 36.Rc1 Re7
37.Nf2 Bh6 38.Rc5 Be3 39.Nd1 Rxe4 40.Nxe3 Rxe3 41.Kf2 Rde8 42.Rc2 Nb4 43.Rd2 d3
44.Rh1 Rxe2+ 45.Kf3 R8e3+ 46.Kf4 Nd5+ 47.Kg5 f6+ 48.Kxg6 Rxd2 49.Ba3 Re5
50.Bd6 Rg5+ 51.Kh6 Rg7  0-1

[Event "Mayors Cup Open"]
[Site "Mumbai IND"]
[Date "2008.05.18"]
[Round "10"]
[White "Kulkarni,C"]
[Black "Anuprita,P"]
[Result "1-0"]
[WhiteElo "2210"]
[BlackElo "2062"]

1.Nf3 d5 2.g3 Nf6 3.Bg2 c6 4.O-O g6 5.b3 Bg7 6.Bb2 O-O 7.d4 Bf5 8.Nbd2 Re8
9.c4 Ne4 10.Nh4 Nxd2 11.Qxd2 Be6 12.Rac1 f5 13.Nf3 Kh8 14.Qf4 Bg8 15.cxd5 Qxd5
16.Rfd1 Qd8 17.Ne5 e6 18.d5 g5 19.Qd4 Re7 20.d6 Rd7 21.Nxd7  1-0

[Event "III President's Cup"]
[Site "Baku AZE"]
[Date "2008.05.19"]
[Round "8"]
[White "Magalashvili,Da"]
[Black "Gavasheli,A"]
[Result "1-0"]
[WhiteElo "2462"]
[BlackElo "2191"]

1.Nf3 d5 2.g3 Nf6 3.Bg2 Bg4 4.O-O c6 5.d3 Nbd7 6.Nbd2 e6 7.Qe1 Bd6 8.e4 dxe4
9.dxe4 e5 10.Nc4 Qe7 11.Nxd6+ Qxd6 12.h3 Be6 13.b3 h6 14.Bb2 O-O 15.Nh4 g5
16.Nf3 Ne8 17.Rd1 Qc7 18.Nh2 f6 19.f4 Rd8 20.Kh1 Nd6 21.Qe3 Kh7 22.h4 gxf4
23.gxf4 exf4 24.Qxf4 Nb5 25.e5 f5 26.Bc1 Qxe5 27.Rxd7+  1-0

[Event "TCh-CHN Torch Real Estate Cup"]
[Site "Jiangsu Wuxi CHN"]
[Date "2008.05.19"]
[Round "7"]
[White "Zhang Jilin"]
[Black "Kuang Yinghui"]
[Result "1/2-1/2"]
[WhiteElo "2361"]
[BlackElo "2264"]

1.Nf3 d5 2.g3 Nf6 3.Bg2 g6 4.O-O Bg7 5.d3 O-O 6.Qe1 c5 7.Nbd2 Nc6 8.a3 e5
9.e4 dxe4 10.dxe4 Nd4 11.Qd1 Qc7 12.c3 Nxf3+ 13.Bxf3 Bh3 14.Re1 Rad8 15.Qe2 Be6
16.Nc4 Nd7 17.a4 Nb6 18.Nxb6 axb6 19.Be3 Rd6 20.b4 Rfd8 21.Qb2 Bc4 22.Qa3 Rc6
23.Rad1 Bf8 24.Qb2 Rcd6 25.Rxd6 Rxd6 26.a5 Rf6 27.Be2 Bxe2 28.Qxe2 cxb4 29.cxb4 bxa5
30.bxa5 Qc3  1/2-1/2